00562nam a2200193 a 450000500170000000800410001704100080005810000250006624500690009126000580016030000110021865000100022965000120023965000240025165000250027565000330030066200130033366200220034620180803165043.0140307b1989 miu||||| |||| 00| 0 eng d aeng aTaylor, Charlotte M. aRevision of Palicourea (Rubiaceae) in Mexico and Central America aMichiganbAmerican Society of Plant Taxonomistsc1989 a102 p. aFlora aPlantas aTaxonomía vegetal aClaves taxonómicas aIdentificación de especies aMéxico cAmérica Central